[Event "DEM U12 2016"]
[Site "Willingen GER"]
[Date "2016.05.15"]
[Round "2"]
[White "Trifan, Andrei Ioan"]
[Black "Evering, Sören"]
[Result "1-0"]
[Termination "normal"]
[Board "1"]
[WhiteElo "2099"]
[BlackElo "1844"]
[WhiteClock "00:01:23"]
[BlackClock "00:15:53"]
[PlyCount "72"]
[WhiteFideId "12967068"]
[BlackFideId "12974650"]
[EventCountry "GER"]
[EventRounds "11"]
[EventType "swiss"]
[EventDate "2016.05.14"]

1. e4 e5 2. Nf3 Nc6 3. Bc4 Nf6 4. d4 exd4 5. e5 d5 6. Bb5 Ne4 7. Nxd4 Bc5 8.
Be3 O-O 9. Nxc6 bxc6 10. Bxc5 Nxc5 11. Bxc6 Rb8 12. Qd4 Qe7 13. Nc3 Ne6 14.
Nxd5 Nxd4 15. Nxe7+ Kh8 16. O-O-O Ne2+ 17. Kd2 Ba6 18. b3 f6 19. e6 Nd4 20. Bd7
Nxe6 21. Bxe6 Rbe8 22. Nd5 Rxe6 23. Nxc7 Re2+ 24. Kc1 Rc8 25. Rd7 Bb7 26. Rhd1
h6 27. Rd8+ Rxd8 28. Rxd8+ Kh7 29. Rd2 Re1+ 30. Kb2 Bxg2 31. c4 Rh1 32. c5 Bf3
33. Rd3 Be4 34. Re3 Bc6 35. Re6 Bf3 36. Nb5 a6 1-0

[Event "DEM U12 2016"]
[Site "Willingen GER"]
[Date "2016.05.15"]
[Round "2"]
[White "Lutz, Ruben"]
[Black "Köllner, Ruben Gideon"]
[Result "0-1"]
[Termination "normal"]
[Board "2"]
[WhiteElo "1693"]
[BlackElo "2087"]
[WhiteClock "00:03:10"]
[BlackClock "00:11:32"]
[PlyCount "140"]
[WhiteFideId "12975974"]
[BlackFideId "12993093"]
[EventCountry "GER"]
[EventRounds "11"]
[EventType "swiss"]
[EventDate "2016.05.14"]

1. d4 d6 2. Nf3 Nf6 3. Bg5 Nbd7 4. Nbd2 e5 5. c3 Be7 6. e4 h6 7. Bh4 exd4 8.
Bxf6 Bxf6 9. Nxd4 O-O 10. Be2 Re8 11. O-O Bxd4 12. cxd4 Qf6 13. Qa4 c6 14. Rfe1
a5 15. Qc4 d5 16. Qd3 Nf8 17. e5 Qg6 18. Qxg6 Nxg6 19. g3 Nf8 20. f4 g6 21. Nf3
Bg4 22. Kg2 Ne6 23. Rad1 Bf5 24. Bd3 Bxd3 25. Rxd3 a4 26. Nh4 Ng7 27. Rf1 Ra5
28. g4 Rb5 29. Rd2 c5 30. dxc5 Rxc5 31. Nf3 Ne6 32. Nd4 Nxd4 33. Rxd4 b5 34.
Rfd1 Rec8 35. Kf3 Rc2 36. R1d2 Rxd2 37. Rxd2 Rc5 38. Ke3 Kf8 39. Kd4 Rc8 40.
Ke3 Rc5 41. Kd4 Rc4+ 42. Ke3 Re4+ 43. Kf3 Rb4 44. Ke3 Ke7 45. a3 Re4+ 46. Kf3
Ke6 47. Rc2 Rc4 48. Rd2 g5 49. fxg5 hxg5 50. Re2 Rf4+ 51. Kg3 Re4 52. Rd2 Kxe5
53. Kf3 Rf4+ 54. Kg3 d4 55. Re2+ Re4 56. Rd2 Re3+ 57. Kf2 Ke4 58. Rc2 Kd3 59.
Rc5 Re2+ 60. Kf1 Rxb2 61. Rxg5 b4 62. axb4 a3 63. Ra5 a2 64. Rxa2 Rxa2 65. h4
Ke3 66. h5 d3 67. h6 d2 68. Kg2 d1=Q+ 69. Kg3 Qh1 70. h7 Rg2# 0-1

[Event "DEM U12 2016"]
[Site "Willingen GER"]
[Date "2016.05.15"]
[Round "2"]
[White "Nguyen, Alex Dac-Vuong"]
[Black "Haufe, Laurin"]
[Result "1-0"]
[Termination "normal"]
[Board "3"]
[WhiteElo "1899"]
[BlackElo "1575"]
[WhiteClock "00:53:54"]
[BlackClock "00:01:48"]
[PlyCount "71"]
[WhiteFideId "12984388"]
[BlackFideId "12976504"]
[EventCountry "GER"]
[EventRounds "11"]
[EventType "swiss"]
[EventDate "2016.05.14"]

1. e4 c5 2. c3 d5 3. exd5 Qxd5 4. d4 cxd4 5. cxd4 Nc6 6. Nf3 e6 7. Nc3 Qd8 8.
Bd3 Nf6 9. O-O Be7 10. Bg5 O-O 11. Rc1 Nd5 12. Bxe7 Ndxe7 13. a3 Ng6 14. Bb1 b6
15. Qd3 Nce7 16. h4 f5 17. Ba2 Nd5 18. g3 Kh8 19. Rce1 Rf6 20. Ng5 Rb8 21. Nxd5
exd5 22. Qf3 h6 23. Bxd5 Ba6 24. Nf7+ Rxf7 25. Bxf7 Qf6 26. Bxg6 Qxg6 27. Re5
Bxf1 28. Kxf1 Rf8 29. d5 f4 30. g4 Qb1+ 31. Re1 Qxb2 32. d6 Qf6 33. d7 Qf7 34.
Qc6 Qb3 35. Kg2 f3+ 36. Kg3 1-0

[Event "DEM U12 2016"]
[Site "Willingen GER"]
[Date "2016.05.15"]
[Round "2"]
[White "Hundrieser, Malte"]
[Black "Krastev, Alexander"]
[Result "1/2-1/2"]
[Termination "normal"]
[Board "4"]
[WhiteElo "1845"]
[BlackElo "1931"]
[WhiteClock "00:03:39"]
[BlackClock "00:55:03"]
[PlyCount "103"]
[WhiteFideId "12997153"]
[BlackFideId "12989983"]
[EventCountry "GER"]
[EventRounds "11"]
[EventType "swiss"]
[EventDate "2016.05.14"]

1. e4 e5 2. Nf3 Nc6 3. d4 exd4 4. Nxd4 Nf6 5. Nxc6 bxc6 6. Qe2 Be7 7. g3 O-O 8.
Bg2 a5 9. c4 Ba6 10. Nc3 Bb4 11. O-O d5 12. exd5 cxd5 13. Rd1 Bxc4 14. Qf3 c6
15. Bg5 Bd6 16. b3 Ba6 17. Ne2 Bxe2 18. Qxe2 h6 19. Be3 Re8 20. Rac1 Qd7 21.
Qc2 Rac8 22. Bb6 Bc7 23. Qxc6 Qxc6 24. Rxc6 Bxb6 25. Rxb6 Rc2 26. Bxd5 Ree2 27.
Bc4 Re8 28. Rb7 Rf8 29. Rxf7 Rxf7 30. Rd8+ Kh7 31. Bxf7 Rxa2 32. Bc4 Kg6 33.
Kg2 Ng4 34. Rf8 Ne3+ 35. Kf3 Nxc4 36. bxc4 Rc2 37. Ra8 Rc3+ 38. Kg2 Rxc4 39.
Rxa5 Kf6 40. h4 Rb4 41. Kh3 Rc4 42. h5 Rb4 43. Ra6+ Kf7 44. f4 Rb5 45. Kg4 Rc5
46. Kh4 Rb5 47. Ra4 Rb1 48. Ra5 Rh1+ 49. Kg4 Rh2 50. Kf3 Rh1 51. Ke4 Rg1 52.
Kf3 1/2-1/2

[Event "DEM U12 2016"]
[Site "Willingen GER"]
[Date "2016.05.15"]
[Round "2"]
[White "Li, Simon"]
[Black "Hassemeier, Mika"]
[Result "1-0"]
[Termination "normal"]
[Board "5"]
[WhiteElo "1960"]
[BlackElo "1769"]
[WhiteClock "00:59:55"]
[BlackClock "00:21:21"]
[PlyCount "49"]
[WhiteFideId "12972134"]
[BlackFideId "12994880"]
[EventCountry "GER"]
[EventRounds "11"]
[EventType "swiss"]
[EventDate "2016.05.14"]

1. e4 c5 2. Nf3 e6 3. d4 cxd4 4. Nxd4 Nf6 5. Nc3 Bb4 6. e5 Nd5 7. Bd2 Bxc3 8.
bxc3 Qc7 9. Qh5 Nxc3 10. Bd3 a6 11. Qg5 O-O 12. Nf3 f5 13. exf6 Rxf6 14. Qh5 g6
15. Qh4 Rf7 16. O-O Nd5 17. Ng5 Qd8 18. Qg3 Rg7 19. c4 Nf6 20. Bc3 Nc6 21. Nxh7
Kxh7 22. Qh4+ Kg8 23. Bxf6 Qf8 24. Bxg7 Qxf2+ 25. Qxf2 1-0

[Event "DEM U12 2016"]
[Site "Willingen GER"]
[Date "2016.05.15"]
[Round "2"]
[White "Kölle, Tobias"]
[Black "Dobrikov, Marco"]
[Result "1-0"]
[Termination "normal"]
[Board "6"]
[WhiteElo "1714"]
[BlackElo "1943"]
[WhiteClock "00:14:45"]
[BlackClock "00:45:56"]
[PlyCount "53"]
[WhiteFideId "16207378"]
[BlackFideId "12950378"]
[EventCountry "GER"]
[EventRounds "11"]
[EventType "swiss"]
[EventDate "2016.05.14"]

1. d4 Nf6 2. c4 e6 3. Nc3 Bb4 4. f3 O-O 5. a3 Bxc3+ 6. bxc3 d6 7. e4 Nbd7 8.
Bd3 b6 9. Ne2 c5 10. O-O Bb7 11. Bg5 Qe7 12. f4 cxd4 13. cxd4 e5 14. fxe5 dxe5
15. dxe5 Qxe5 16. Rf5 Qc7 17. Nc3 g6 18. Bxf6 Nxf6 19. Rxf6 Qe5 20. Qf3 Qxc3
21. Rf1 Qxa3 22. Rxf7 Qd6 23. Kh1 Bc6 24. c5 Qd8 25. Rxf8+ Qxf8 26. Bc4+ Kg7
27. Qc3+ 1-0

[Event "DEM U12 2016"]
[Site "Willingen GER"]
[Date "2016.05.15"]
[Round "2"]
[White "Bethke, Richard"]
[Black "Colbow, Collin"]
[Result "0-1"]
[Termination "normal"]
[Board "7"]
[WhiteElo "1844"]
[BlackElo "1632"]
[WhiteClock "00:54:41"]
[BlackClock "00:05:39"]
[PlyCount "90"]
[WhiteFideId "12959243"]
[BlackFideId "16201132"]
[EventCountry "GER"]
[EventRounds "11"]
[EventType "swiss"]
[EventDate "2016.05.14"]

1. e4 e5 2. Nf3 Nc6 3. Bc4 Bc5 4. c3 Nf6 5. d3 d6 6. Bb3 a6 7. O-O Ba7 8. Re1
O-O 9. h3 h6 10. Nbd2 Re8 11. Nf1 Be6 12. Ng3 d5 13. Qe2 dxe4 14. dxe4 Qe7 15.
Nh4 Bxb3 16. axb3 Qe6 17. b4 Kh7 18. Nhf5 Ne7 19. Be3 Nxe4 20. Qg4 Ng5 21. Bxg5
hxg5 22. Qxg5 Nxf5 23. Nxf5 Qf6 24. Qh5+ Kg8 25. Qf3 Rad8 26. Rad1 c6 27. Qe4
Bb6 28. Rxd8 Rxd8 29. Qxe5 Qxe5 30. Rxe5 Rd1+ 31. Kh2 Bc7 32. f4 Bxe5 33. fxe5
Rb1 34. Nd6 b5 35. Nc8 Rxb2 36. Ne7+ Kf8 37. Nxc6 Rc2 38. Nb8 Rxc3 39. Nxa6 Ke7
40. g4 Rc6 41. Nc5 Rxc5 42. bxc5 b4 43. c6 b3 44. c7 Kd7 45. e6+ fxe6 0-1

[Event "DEM U12 2016"]
[Site "Willingen GER"]
[Date "2016.05.15"]
[Round "2"]
[White "Yi, Danny"]
[Black "Breitzmann, Sander"]
[Result "1-0"]
[Termination "normal"]
[Board "8"]
[WhiteElo "1863"]
[BlackElo "1582"]
[WhiteClock "00:16:46"]
[BlackClock "00:10:06"]
[PlyCount "113"]
[WhiteFideId "12988588"]
[BlackFideId "12987085"]
[EventCountry "GER"]
[EventRounds "11"]
[EventType "swiss"]
[EventDate "2016.05.14"]

1. e4 e5 2. Nf3 Nc6 3. Bc4 Bc5 4. d3 Nf6 5. Nc3 d6 6. Bg5 Be6 7. Bb3 h6 8. Bh4
g5 9. Bg3 Qd7 10. Qd2 O-O-O 11. Ba4 Rhg8 12. O-O-O Nh5 13. Nd5 f5 14. h3 f4 15.
Bh2 Qf7 16. Bb3 Nf6 17. Nxf6 Qxf6 18. Bxe6+ Qxe6 19. c4 h5 20. h4 g4 21. Ng5
Qf6 22. Bg1 Bb4 23. Qe2 Nd4 24. Qf1 f3 25. a3 Ne2+ 26. Kb1 Bc5 27. gxf3 gxf3
28. Qh3+ Kb8 29. Nxf3 Rdf8 30. Ng5 Nxg1 31. Rhxg1 Qxf2 32. Rgf1 Qe2 33. Rde1
Rxf1 34. Qxf1 Qf2 35. Qxf2 Bxf2 36. Rh1 Rf8 37. Rf1 d5 38. d4 dxc4 39. Nh3 exd4
40. Rxf2 Re8 41. Kc2 b5 42. Ng5 a5 43. Rf5 c6 44. a4 b4 45. Rxa5 Rd8 46. Rc5 c3
47. bxc3 dxc3 48. Nf3 Rg8 49. Rg5 Rf8 50. Rf5 Rg8 51. Ng5 Rd8 52. Rf2 c5 53.
Ne6 Rd6 54. Nxc5 Rg6 55. Kb3 Rg4 56. Rh2 Rg3 57. Na6+ 1-0

[Event "DEM U12 2016"]
[Site "Willingen GER"]
[Date "2016.05.15"]
[Round "2"]
[White "Astner, Sebastian"]
[Black "Post, Hugo"]
[Result "1-0"]
[Termination "normal"]
[Board "9"]
[WhiteElo "1712"]
[BlackElo "1869"]
[WhiteClock "00:28:13"]
[BlackClock "00:29:33"]
[PlyCount "63"]
[WhiteFideId "12979422"]
[BlackFideId "12962490"]
[EventCountry "GER"]
[EventRounds "11"]
[EventType "swiss"]
[EventDate "2016.05.14"]

1. e4 c5 2. Nf3 Nc6 3. Bb5 g6 4. Bxc6 dxc6 5. d3 Bg7 6. Nc3 Nf6 7. Be3 b6 8.
Qc1 O-O 9. Bh6 Ba6 10. Bxg7 Kxg7 11. O-O b5 12. Qe3 b4 13. Na4 c4 14. Nc5 Bb5
15. Rfd1 cxd3 16. cxd3 Qc7 17. a3 bxa3 18. bxa3 a5 19. a4 Ba6 20. Rab1 Rfb8 21.
h3 Bc8 22. Nd4 e5 23. Nf3 Rxb1 24. Rxb1 Rb8 25. Rxb8 Qxb8 26. Qd2 Qb4 27. Qxb4
axb4 28. Nxe5 Nd7 29. Nexd7 Bxd7 30. Kf1 Bc8 31. Ke2 Kf6 32. d4 1-0

[Event "DEM U12 2016"]
[Site "Willingen GER"]
[Date "2016.05.15"]
[Round "2"]
[White "Wu, Leon"]
[Black "Kosev, Momchil"]
[Result "1-0"]
[Termination "normal"]
[Board "10"]
[WhiteElo "1743"]
[BlackElo "1778"]
[PlyCount "121"]
[WhiteFideId "12977438"]
[BlackFideId "12975982"]
[EventCountry "GER"]
[EventRounds "11"]
[EventType "swiss"]
[EventDate "2016.05.14"]

1. e4 c6 2. d4 d5 3. Nc3 dxe4 4. Nxe4 Bf5 5. Ng3 Bg6 6. h4 h6 7. h5 Bh7 8. Nf3
Nf6 9. Bd3 Bxd3 10. Qxd3 e6 11. Bf4 Bd6 12. Ne5 Qe7 13. O-O-O Nbd7 14. Rhe1
O-O-O 15. Qf3 Bc7 16. Rd3 Nxe5 17. Bxe5 Bxe5 18. Rxe5 Rd5 19. Ra3 Kb8 20. Ree3
Rxd4 21. Nf5 Qd7 22. Nxd4 Qxd4 23. Qg3+ Ka8 24. Rad3 Qg4 25. Qxg4 Nxg4 26. Rg3
Nxf2 27. Rde3 f5 28. Rxe6 Ng4 29. Rf3 a6 30. Rxf5 Nf6 31. Re7 Rg8 32. c4 Kb8
33. Kd2 Kc8 34. Ke3 Kb8 35. Kf3 Kc8 36. g4 Kb8 37. Rf7 Nh7 38. Kf4 Kc8 39. Re5
Nf6 40. Ree7 Ne8 41. Rxb7 Nd6 42. Rfc7+ Kd8 43. Rb8+ Kxc7 44. Rxg8 Kd7 45.
Rxg7+ Ke8 46. Rg6 Nf7 47. Rxc6 a5 48. Ra6 a4 49. Ra8+ Ke7 50. Ra7+ Kf6 51.
Rxf7+ Kxf7 52. c5 Ke6 53. g5 hxg5+ 54. Kxg5 Kd5 55. h6 Kxc5 56. h7 Kc4 57. h8=Q
Kd3 58. Qc3+ Ke2 59. Kf4 Kf1 60. Qd3+ Kg1 61. Qd2 1-0

[Event "DEM U12 2016"]
[Site "Willingen GER"]
[Date "2016.05.15"]
[Round "2"]
[White "Wu, Luka"]
[Black "Musiolik, David"]
[Result "0-1"]
[Termination "normal"]
[Board "11"]
[WhiteElo "1777"]
[BlackElo "1643"]
[PlyCount "110"]
[WhiteFideId "12977420"]
[BlackFideId "12972355"]
[EventCountry "GER"]
[EventRounds "11"]
[EventType "swiss"]
[EventDate "2016.05.14"]

1. e4 e6 2. d4 d5 3. Nc3 Bb4 4. e5 c5 5. a3 Bxc3+ 6. bxc3 Ne7 7. Qg4 O-O 8. Bd3
f5 9. exf6 Rxf6 10. Bg5 Rf7 11. Qh5 g6 12. Qd1 Qa5 13. Qd2 Nbc6 14. Nf3 Nf5 15.
Bxf5 Rxf5 16. O-O Bd7 17. Rfe1 cxd4 18. cxd4 Qxd2 19. Bxd2 Rxf3 20. gxf3 Nxd4
21. Red1 Nxf3+ 22. Kg2 Nd4 23. Rab1 b6 24. Rdc1 Rc8 25. Rb2 Nb5 26. Ra2 Nd6 27.
Bb4 Nc4 28. Kg3 Kf7 29. Rd1 Bc6 30. Rd3 e5 31. Rf3+ Kg7 32. Ra1 d4 33. Rd3 Be4
34. Rdd1 Bxc2 35. Rdc1 d3 36. Bc3 Kf7 37. f3 Ke6 38. Kf2 Kf5 39. Ra2 b5 40. Be1
a5 41. Bc3 Rb8 42. Re1 g5 43. Re4 Rc8 44. Rg4 h5 45. Rxc4 bxc4 46. Bxa5 Rb8 47.
Bb4 Rxb4 48. axb4 d2 49. Rxc2 d1=Q 50. Rxc4 Qd2+ 51. Kg1 Qe1+ 52. Kg2 Qe2+ 53.
Kg3 h4+ 54. Rxh4 gxh4+ 55. Kxh4 Qxh2# 0-1

[Event "DEM U12 2016"]
[Site "Willingen GER"]
[Date "2016.05.15"]
[Round "2"]
[White "Hinrichs, Paul"]
[Black "Grund, Sebastian"]
[Result "0-1"]
[Termination "normal"]
[Board "12"]
[WhiteElo "1795"]
[BlackElo "1773"]
[PlyCount "82"]
[WhiteFideId "12942545"]
[BlackFideId "12988626"]
[EventCountry "GER"]
[EventRounds "11"]
[EventType "swiss"]
[EventDate "2016.05.14"]

1. d4 Nf6 2. c4 c5 3. d5 b5 4. cxb5 a6 5. bxa6 g6 6. Nc3 Bxa6 7. e4 Bxf1 8.
Kxf1 d6 9. g3 Bg7 10. Nf3 O-O 11. Kg2 Nbd7 12. Qe2 Qc7 13. a4 Rfb8 14. Nb5 Qd8
15. Ra2 Ne8 16. Bd2 Nc7 17. Nxc7 Qxc7 18. Bc3 Bxc3 19. bxc3 c4 20. Nd2 Ne5 21.
Nf3 Nxf3 22. Kxf3 Rb3 23. Qc2 Qa5 24. Rc1 Rf8 25. Kg2 Rfb8 26. Qd2 Rc8 27. Qd4
Rc5 28. Rcc2 f6 29. Qd1 Kf7 30. f4 Rxc3 31. Rxc3 Qxc3 32. Qc2 Qa5 33. Ra3 c3
34. Kf3 Rc4 35. Ke2 Qb4 36. Rb3 Qxa4 37. Kd3 Rxe4 38. Qxc3 f5 39. h4 Qa6+ 40.
Kc2 Qe2+ 41. Kc1 Rc4 0-1

[Event "DEM U12 2016"]
[Site "Willingen GER"]
[Date "2016.05.15"]
[Round "2"]
[White "Pahl, Erik"]
[Black "Sulayev, Daniel"]
[Result "0-1"]
[Termination "normal"]
[Board "13"]
[WhiteElo "1631"]
[BlackElo "1791"]
[PlyCount "102"]
[WhiteFideId "16201272"]
[BlackFideId "12977675"]
[EventCountry "GER"]
[EventRounds "11"]
[EventType "swiss"]
[EventDate "2016.05.14"]

1. e4 c5 2. Nf3 Nc6 3. d4 cxd4 4. Nxd4 Nf6 5. Nc3 e5 6. Ndb5 d6 7. a4 a6 8. Na3
Bg4 9. f3 Be6 10. Bc4 Be7 11. Be3 Rc8 12. O-O Nb4 13. Qe2 Bxc4 14. Nxc4 Rxc4
15. Qxc4 Nxc2 16. Rae1 Nxe1 17. Rxe1 O-O 18. Qb3 Qd7 19. Rd1 Rc8 20. Rd2 Qc6
21. Rd1 h6 22. Rc1 Qd7 23. Rd1 Rc7 24. Bb6 Rc6 25. Be3 Bd8 26. Nd5 Nxd5 27.
Rxd5 Qc7 28. Qd3 Be7 29. f4 Bf6 30. h3 exf4 31. Bxf4 Bxb2 32. Rxd6 Rxd6 33.
Qxd6 Qxd6 34. Bxd6 Bc3 35. Kf2 f6 36. Ke3 Kf7 37. Kd3 Ba5 38. Kc4 Ke6 39. Bf8
g5 40. Bxh6 Kf7 41. Kd5 Bb4 42. e5 Kg6 43. exf6 Kxh6 44. g3 Kg6 45. Ke6 b5 46.
axb5 axb5 47. Kd5 Bf8 48. h4 g4 49. Kd4 Kxf6 50. Kd5 Kf5 51. Kd4 Bd6 0-1

[Event "DEM U12 2016"]
[Site "Willingen GER"]
[Date "2016.05.15"]
[Round "2"]
[White "Englert, Jon"]
[Black "Simukov, Erik"]
[Result "1-0"]
[Termination "normal"]
[Board "14"]
[WhiteElo "1663"]
[BlackElo "1518"]
[PlyCount "127"]
[WhiteFideId "12992275"]
[BlackFideId "12995380"]
[EventCountry "GER"]
[EventRounds "11"]
[EventType "swiss"]
[EventDate "2016.05.14"]

1. g3 d5 2. Bg2 c5 3. d3 Nc6 4. Nd2 e5 5. e4 Nf6 6. Ne2 Be7 7. Nc3 Be6 8. O-O
O-O 9. f4 d4 10. Ne2 b5 11. f5 Bc8 12. h3 a6 13. g4 h6 14. a3 Qb6 15. Kh2 Nh7
16. Qe1 Bd7 17. h4 f6 18. Rg1 Rac8 19. Qg3 Nd8 20. Nf3 Nf7 21. Bd2 c4 22. Rgc1
a5 23. Qe1 b4 24. axb4 axb4 25. dxc4 Rxc4 26. Ng3 Rfc8 27. c3 dxc3 28. bxc3 b3
29. Rcb1 Bc5 30. Qd1 Rb8 31. Rb2 Bd6 32. Bf1 Rc7 33. Ra6 Qb7 34. Be1 Bf8 35.
Bf2 Bc5 36. Be1 Rc6 37. Rxc6 Bxc6 38. Nd2 Nd6 39. Rxb3 Bb6 40. Bf2 Ba4 41. Bxb6
Bxb3 42. Qxb3+ Kh8 43. Bc5 Qxb3 44. Nxb3 Rxb3 45. Bxd6 Rxc3 46. Kg2 Rc8 47. Kf2
Nf8 48. Bb5 Kg8 49. Ba4 Kh7 50. g5 hxg5 51. hxg5 fxg5 52. Bxe5 Kh6 53. Kf3 Nh7
54. Nf1 Nf6 55. Ne3 Ra8 56. Bc2 Re8 57. Bd6 Kh5 58. e5 Nd7 59. Ke4 Kh6 60. Ba4
Rd8 61. Bxd7 Rxd7 62. e6 Rd8 63. e7 Re8 64. Nd5 1-0

[Event "DEM U12 2016"]
[Site "Willingen GER"]
[Date "2016.05.15"]
[Round "2"]
[White "Deutsch, Christoph"]
[Black "Weihrauch, Jakob"]
[Result "1/2-1/2"]
[Termination "normal"]
[Board "15"]
[WhiteElo "1663"]
[BlackElo "1856"]
[PlyCount "78"]
[WhiteFideId "16206878"]
[BlackFideId "16210115"]
[EventCountry "GER"]
[EventRounds "11"]
[EventType "swiss"]
[EventDate "2016.05.14"]

1. e4 c5 2. Nf3 d6 3. d4 cxd4 4. Nxd4 Nf6 5. Nc3 a6 6. Bg5 e6 7. f4 Be7 8. Qf3
h6 9. Bh4 Nbd7 10. O-O-O Qc7 11. Bd3 g5 12. fxg5 Ne5 13. Qe2 Nh7 14. Nf3 hxg5
15. Bg3 Nf8 16. Nxe5 dxe5 17. Qf3 Ng6 18. Bf2 Bd7 19. Be3 Bc6 20. Qg4 Rh4 21.
Qe2 Nf4 22. Qf2 Nxd3+ 23. cxd3 Ba4 24. Rdf1 f6 25. Kb1 Bd7 26. Rc1 Bc6 27. g3
Rh7 28. Rhd1 Qc8 29. Na4 Bxa4 30. Rxc8+ Rxc8 31. Rc1 Rxc1+ 32. Kxc1 Bd8 33. Bb6
Bxb6 34. Qxb6 Bc6 35. Qf2 Ke7 36. Qc5+ Kf7 37. Qf2 Kg6 38. Qc2 Rd7 39. a4 Rc7
1/2-1/2

[Event "DEM U12 2016"]
[Site "Willingen GER"]
[Date "2016.05.15"]
[Round "2"]
[White "Breß, Aaron"]
[Black "Do, Nam"]
[Result "1-0"]
[Termination "normal"]
[Board "16"]
[WhiteElo "1650"]
[BlackElo "1890"]
[PlyCount "59"]
[WhiteFideId "12996432"]
[BlackFideId "12998885"]
[EventCountry "GER"]
[EventRounds "11"]
[EventType "swiss"]
[EventDate "2016.05.14"]

1. e4 e5 2. Nf3 Nc6 3. Bb5 a6 4. Ba4 Nf6 5. O-O Be7 6. Re1 b5 7. Bb3 d6 8. c3
O-O 9. h3 Nb8 10. d4 Nbd7 11. Nbd2 Bb7 12. Bc2 Re8 13. Nf1 Bf8 14. Ng3 g6 15.
Bd2 Bg7 16. Qc1 Re7 17. Bh6 Bh8 18. Qg5 Qb8 19. Rad1 Qa7 20. Re2 Rd8 21. dxe5
Nc5 22. exf6 Re6 23. Nd4 Bxf6 24. Qd2 Re5 25. Bf4 Ree8 26. Bg5 Bxg5 27. Qxg5
Qa8 28. Nh5 Re5 29. Nf5 Nd7 30. Qh6 1-0

[Event "DEM U12 2016"]
[Site "Willingen GER"]
[Date "2016.05.15"]
[Round "2"]
[White "Pubantz, Jan"]
[Black "Kostanyan, Hakob"]
[Result "1-0"]
[Termination "normal"]
[Board "17"]
[WhiteElo "1551"]
[BlackElo "1604"]
[PlyCount "119"]
[WhiteFideId "12996114"]
[BlackFideId "12977683"]
[EventCountry "GER"]
[EventRounds "11"]
[EventType "swiss"]
[EventDate "2016.05.14"]

1. d4 Nf6 2. c4 g6 3. Nc3 Bg7 4. e4 d6 5. Be2 O-O 6. Be3 Nbd7 7. Nf3 Qe8 8. Nd2
e5 9. d5 Kh8 10. Qc2 Ng8 11. f3 f5 12. O-O-O f4 13. Bf2 Ndf6 14. Kb1 Bd7 15. c5
Qe7 16. Nb3 a6 17. Rc1 Rfc8 18. Bd3 b5 19. cxb6 cxb6 20. Bxb6 g5 21. Qe2 Rcb8
22. Ba5 Bc8 23. Na4 Ra7 24. Bb6 Raa8 25. Bf2 Nd7 26. Na5 Qe8 27. Nc6 Rb7 28.
Ka1 a5 29. Ba6 Rc7 30. Bxc8 Qxc8 31. Nb6 Qa6 32. Qxa6 Rxa6 33. Nc4 Bf8 34.
N4xa5 g4 35. Nb3 Rb7 36. Nca5 Rb5 37. Rc6 Ra8 38. Kb1 Ngf6 39. Nc4 Ne8 40. Nb6
Nxb6 41. Rxb6 Rxb6 42. Bxb6 Ra6 43. Ba5 h5 44. Rc1 Kg7 45. Rc6 Ra7 46. Bd8 Rd7
47. Bh4 Be7 48. Bxe7 Rxe7 49. h3 Kf6 50. h4 Rg7 51. a4 Rb7 52. Nc5 Ra7 53. Ra6
Rc7 54. Ne6 Rb7 55. Kc2 Ke7 56. a5 Nf6 57. Rc6 g3 58. a6 Ra7 59. Rc7+ Rxc7+ 60.
Nxc7 1-0

[Event "DEM U12 2016"]
[Site "Willingen GER"]
[Date "2016.05.15"]
[Round "2"]
[White "Kolb, Tobias"]
[Black "Pauls, Fynn"]
[Result "1/2-1/2"]
[Termination "normal"]
[Board "18"]
[WhiteElo "1535"]
[BlackElo "1726"]
[PlyCount "94"]
[WhiteFideId "12992321"]
[BlackFideId "16213149"]
[EventCountry "GER"]
[EventRounds "11"]
[EventType "swiss"]
[EventDate "2016.05.14"]

1. e4 e5 2. Nf3 Nc6 3. Bb5 a6 4. Bxc6 dxc6 5. Nc3 Bg4 6. h3 Bxf3 7. Qxf3 Qf6 8.
Qxf6 Nxf6 9. d3 Bd6 10. Bg5 Nd7 11. O-O-O Nc5 12. Be3 Ne6 13. d4 exd4 14. Bxd4
O-O-O 15. Kb1 Nxd4 16. Rxd4 Bc5 17. Rxd8+ Rxd8 18. f4 Rd2 19. g4 Rf2 20. f5 Bb4
21. e5 Bxc3 22. bxc3 Re2 23. f6 g6 24. g5 Rxe5 25. h4 Kd7 26. Rd1+ Kc8 27. Rd4
c5 28. Rf4 Kd7 29. Kb2 Ke6 30. c4 c6 31. Kc3 b5 32. Kd3 Re1 33. Re4+ Rxe4 34.
Kxe4 bxc4 35. a4 a5 36. c3 Kd6 37. Kf3 Ke5 38. Ke3 Kf5 39. Kf3 Ke6 40. Ke4 Kd7
41. Ke5 Kc7 42. Ke4 Kd8 43. Kf4 Kc7 44. Ke5 Kd7 45. Kf4 Kd6 46. Kf3 Kd7 47. Kf4
Kd6 1/2-1/2

[Event "DEM U12 2016"]
[Site "Willingen GER"]
[Date "2016.05.15"]
[Round "2"]
[White "Kotyk, Michael"]
[Black "Krause, Marc"]
[Result "1-0"]
[Termination "normal"]
[Board "19"]
[WhiteElo "1818"]
[BlackElo "1535"]
[PlyCount "93"]
[WhiteFideId "16214501"]
[BlackFideId "12985724"]
[EventCountry "GER"]
[EventRounds "11"]
[EventType "swiss"]
[EventDate "2016.05.14"]

1. d4 Nf6 2. c4 g6 3. Nc3 Bg7 4. e4 d6 5. Nf3 Nbd7 6. e5 dxe5 7. dxe5 Ng4 8. e6
Nde5 9. Qxd8+ Kxd8 10. Nxe5 Nxe5 11. exf7 Nxf7 12. Bf4 e5 13. O-O-O+ Bd7 14.
Be3 c6 15. Ne4 Kc7 16. c5 Bf5 17. Ng3 Be6 18. Kb1 Rad8 19. Be2 Rxd1+ 20. Rxd1
Rd8 21. Rxd8 Kxd8 22. Bd3 Bd5 23. f3 Ke7 24. h4 Bh6 25. Bxh6 Nxh6 26. h5 Kf6
27. hxg6 hxg6 28. Ne4+ Bxe4 29. Bxe4 Nf5 30. Kc1 Kg5 31. Kd2 Kf4 32. b4 Kg3 33.
Kd3 Nh4 34. b5 Nxg2 35. bxc6 bxc6 36. Bxc6 Nf4+ 37. Ke4 Ne6 38. Kd5 Nd4 39. Be8
g5 40. Kxe5 Nxf3+ 41. Kd5 Kh2 42. Bh5 Nh4 43. Ke4 Ng6 44. Bxg6 g4 45. Kf4 g3
46. Be4 g2 47. Bxg2 1-0

[Event "DEM U12 2016"]
[Site "Willingen GER"]
[Date "2016.05.15"]
[Round "2"]
[White "Marzisch, Darius"]
[Black "Röhr, Oliver"]
[Result "1/2-1/2"]
[Termination "normal"]
[Board "20"]
[WhiteElo "1493"]
[BlackElo "1739"]
[PlyCount "105"]
[WhiteFideId "12997480"]
[BlackFideId "12987697"]
[EventCountry "GER"]
[EventRounds "11"]
[EventType "swiss"]
[EventDate "2016.05.14"]

1. e4 c5 2. Nf3 d6 3. d4 cxd4 4. Nxd4 Nf6 5. Nc3 e5 6. Nb3 Be7 7. f3 Be6 8. Be3
Nc6 9. Qd2 Qd7 10. O-O-O O-O-O 11. g4 h5 12. gxh5 Rxh5 13. Rg1 g6 14. Kb1 Kb8
15. Re1 Rdh8 16. Rh1 d5 17. exd5 Nxd5 18. Nxd5 Qxd5 19. Qe2 Bh3 20. a3 Ka8 21.
Rd1 Bxf1 22. Qxf1 Qe6 23. Rd2 e4 24. Re2 exf3 25. Qxf3 Qd5 26. Rf1 Qxf3 27.
Rxf3 Ne5 28. Rff2 f6 29. Bd4 Rf8 30. Bxe5 Rxe5 31. Rxe5 fxe5 32. Rxf8+ Bxf8 33.
Kc1 b6 34. Kd2 Kb7 35. Kd3 Kc6 36. Ke4 Kd6 37. Nd2 Bh6 38. Nf3 Bf4 39. h3 g5
40. b3 Ke6 41. a4 a5 42. c4 Kf6 43. Ne1 Bh2 44. Nf3 Bg3 45. Nd2 Bf4 46. Nf3 Bg3
47. Nd2 Kg6 48. Nf3 Kh5 49. Kf5 Bf4 50. Nxe5 Bxe5 51. Kxe5 Kh4 52. Kf5 Kh5 53.
Ke4 1/2-1/2